000
00305nam a2200121Ia 4500
008
190216s9999||||xx |||||||||||||| ||und||
100
_a
Dr.Banasarathy
245
0
_a
Hindi-Rashtriya Ekatha Aur Urdu Shayari
260
_b
Nirali Duniya Publications
_c
2001
300
_a
192
650
_a
Hindi
942
_c
BK
999
_c
16717
_d
16717